| 000 | 00744nam a22001935i 4500 | ||
|---|---|---|---|
| 001 | 165580 | ||
| 003 | ES-MaACL | ||
| 005 | 20230906213152.0 | ||
| 008 | 050826s1870 fr a | |||||||| ||fre d | ||
| 040 |
_aCAM _bspa _cCAM |
||
| 100 | 1 |
_aSorin, Elie. _9132833 |
|
| 245 | 1 | 0 |
_aSuez _b: histoire de la jonction des deux mers / _cpar Elie Sorin. |
| 260 |
_aParis : _bP. Brunet libraire-éditeur, _c1870 ( _eAbbeville : _fimp. Briez, C. Paillart et Retaux) |
||
| 300 |
_a229 p., [1] h. de lám., [2] h. pleg. de mapa ; _c19 cm. |
||
| 650 | 0 | 4 |
_aCanal de Suez- _xHistoria- _vFuentes. _9224208 |
| 752 |
_aFrancia - _dParís |
||
| 852 |
_aES-MaACL _jD-2558 _z-- Rust. _z-- Legado M. de la Fuente _q-- Falto de la [1] h. de lám. |
||
| 999 |
_c165580 _d165580 |
||